[Event "FRA-chT Top 12 2019"]
[Site "Brest"]
[Date "2019.05.19"]
[Round "2.2"]
[White "Solodovnichenko, Yuri"]
[Black "Bauer, Christian"]
[Result "1/2-1/2"]
[WhiteElo "2572"]
[BlackElo "2643"]
[Annotator "TA"]
[PlyCount "96"]
[EventDate "2019.05.18"]
[EventType "team-tourn"]
[EventCountry "FRA"]
[SourceTitle "playchess.com"]
[Source "ChessBase"]
[SourceQuality "1"]

{[%evp 9,96,25,41,9,41,9,9,0,15,-29,-19,-31,-27,-27,-25,-16,-33,-32,0,-10,0,0,0,0,2,-37,-35,-44,-36,-45,-32,-26,-32,-64,-54,-80,-59,-82,-54,-98,-97,-97,-98,-92,-85,-114,-106,-106,-104,-93,-95,-104,-96,-109,-80,-87,-86,-106,-106,-119,0,0,0,0,0,0,0,0,0,0,0,-8,0,0,0,0,0,0,0,0,0,0,0,0,0,0,0,0,0]} 1. e4 d5 2. exd5 Qxd5 3. Nc3 Qd8 4. Nf3 Nf6 5. Bc4 a6 6. a4 {B01: Scandinavian Defence} (6. d4 {with more complications.} b5 7. Be2 Nc6 8. O-O e6 9. Qd3) 6... Nc6 7. d4 (7. h3 Bf5 8. d3 h6 9. g4 Bg6 10. Bf4 e6 11. Ne5 Nxe5 12. Bxe5 Bd6 13. Qe2 Bxe5 14. Qxe5 {1-0 (44) Kamsky,G (2677)-Bartholomew,J (2477) Reykjavik 2018}) 7... Bg4 8. d5 $146 ({Predecessor:} 8. Be3 e6 9. h3 Bh5 10. O-O Bd6 11. Be2 O-O 12. Ng5 Bxe2 13. Qxe2 {½-½ (25) Nitin,S (2450)-Kunin,V (2551) Leer 2018}) 8... Nb4 9. Bb3 c6 10. dxc6 Qxd1+ 11. Nxd1 Nxc6 12. c3 e6 13. Ne3 Bh5 (13... Bxf3 $5 14. gxf3 Bd6 $11) 14. Nc4 Bc5 15. Nfe5 Nxe5 16. Nxe5 O-O-O {[%cal Ba8d8,Bd8d5,Bd5e5,Be5e4][%mdl 32]} 17. Bc2 Rd5 18. Nc4 Rhd8 {[#] ( -> ...Rd1+!)} 19. Ne3 Re5 $36 {[%mdl 2048] Black fights for an advantage.} 20. O-O $1 Bg6 {Strongly threatening ...Bxe3.} 21. Bxg6 hxg6 22. b4 Ba7 23. Ra2 Rd3 {[%cal Ra7e3]} 24. c4 Re4 {[%cal Ra7e3]} 25. Rc2 Nd7 (25... Bxe3 $6 26. Bxe3 Nd7 27. Rfc1 $11) 26. Bd2 Bd4 27. Rfc1 Ne5 28. Kf1 Ra3 29. a5 Nd3 30. Rd1 Rb3 31. b5 f5 ({Weaker is} 31... axb5 32. cxb5+ Kb8 33. b6 $16) 32. bxa6 bxa6 33. c5 Kc7 34. c6 Ne5 (34... g5 $17 35. Bc1 Nxc1 36. Rcxc1 Rc3) 35. Nc4 $11 {The position is equal.} Nxc4 $1 ({Don't go for} 35... Nxc6 $2 36. f3 $18) 36. Rxc4 {[#] aiming for f3.} Be5 37. Rxe4 fxe4 {[%mdl 4096] Endgame KRB-KRB} 38. Rc1 Bd4 ({Wrong is} 38... Bxh2 $2 39. g3 $18) 39. Rc4 e5 40. Bb4 Rb1+ 41. Ke2 Rb2+ 42. Kd1 Kc8 43. Bc5 Rxf2 44. Bxd4 exd4 45. Rxd4 Rxg2 46. Rxe4 Kc7 47. Rb4 Rxh2 48. Rb6 Rh5 {Accuracy: White = 67%, Black = 75%.} 1/2-1/2

[Event "FRA-chT Top 12 2019"]
[Site "Brest"]
[Date "2019.05.19"]
[Round "2.2"]
[White "Cossin, Sebastien"]
[Black "Oparin, Grigoriy"]
[Result "1-0"]
[WhiteElo "2494"]
[BlackElo "2624"]
[Annotator "TA"]
[PlyCount "85"]
[EventDate "2019.05.18"]
[EventType "team-tourn"]
[EventCountry "FRA"]
[SourceTitle "playchess.com"]
[Source "ChessBase"]
[SourceQuality "1"]

{[%evp 13,85,12,12,18,13,2,18,11,11,-10,14,-12,-10,-23,14,14,16,17,20,0,0,0,-7,-4,11,20,38,29,87,68,79,62,42,60,152,113,139,136,102,132,118,72,89,89,241,222,245,222,287,264,394,393,430,430,397,352,536,552,629,549,815,624,638,585,710,675,880,854,1074,1075,1333,1304,1620,1574]} 1. Nf3 Nf6 2. g3 b5 3. Bg2 Bb7 4. O-O e6 5. d3 c5 6. e4 d6 7. a4 b4 8. Nbd2 {A05: Réti Opening: 1 Nf3 Nf6} Be7 9. Nc4 Nc6 10. Re1 {The position is equal.} Nd7 (10... O-O 11. b3 d5 12. exd5 Nxd5 13. Bb2 Bf6 14. Nfe5 Nce7 15. Qd2 {1-0 (48) Zhao,J (2607)-Lu,S (2636) Tianjin 2018}) 11. h4 $146 ({Predecessor:} 11. Bf4 Nb6 12. Nfd2 g5 13. Be3 h5 14. h3 Qc7 15. c3 Bf6 16. Rc1 bxc3 17. bxc3 Nxc4 18. Nxc4 Ba6 19. e5 dxe5 20. Qf3 {1-0 (20) Gabuzyan,H (2046)-Mirzaei,S (1968) Kemer 2007}) 11... Nb6 12. Ne3 a5 13. h5 Qc7 14. h6 g6 $1 15. c3 Ne5 16. d4 Nxf3+ $1 17. Bxf3 O-O 18. cxb4 axb4 19. b3 cxd4 20. Qxd4 {[%csl Gh6][%cal Rd4g7]} e5 (20... Qc3 $1 $11 21. Bb2 Qxd4 22. Bxd4 Nd7) 21. Qd1 $16 Nd7 22. Bd2 Nc5 23. Bxb4 Nxe4 (23... Qb6 $14 24. Bxc5 dxc5) 24. Bxe4 Bxe4 25. Nd5 Bxd5 26. Qxd5 Rfb8 27. Bd2 Qc5 {[#]} 28. Qd3 $1 Bf6 $2 {[#]} (28... Qc6 $16 {is a better defense.}) 29. b4 $1 $18 {[%cal Rb4c5]} Qb6 30. Qf3 d5 31. Qxd5 e4 (31... Qd8 $142 32. Qxd8+ Bxd8) 32. a5 Qd4 33. Qxd4 Bxd4 34. Rab1 f5 (34... e3 $142) 35. b5 {[%cal Bb4b5,Bb5b6,Bb6b7][%mdl 32] White is clearly winning.} Rd8 {intending ...Bxf2+.} 36. Re2 e3 37. fxe3 Bc5 {Now ...Rxd2 and Black clings on.} 38. Kf2 g5 39. b6 f4 40. gxf4 gxf4 41. Rb5 Rd5 42. Kf3 Re8 43. b7 {Accuracy: White = 63%, Black = 33%.} 1-0

[Event "FRA-chT Top 12 2019"]
[Site "Brest"]
[Date "2019.05.19"]
[Round "2.3"]
[White "Gledura, Benjamin"]
[Black "Balogh, Csaba"]
[Result "1/2-1/2"]
[WhiteElo "2645"]
[BlackElo "2598"]
[Annotator "TA"]
[PlyCount "48"]
[EventDate "2019.05.18"]
[EventType "team-tourn"]
[EventCountry "FRA"]
[SourceTitle "playchess.com"]
[Source "ChessBase"]
[SourceQuality "1"]

{[%evp 16,48,15,22,20,5,5,8,8,0,10,6,3,4,12,0,0,0,0,0,0,-13,0,-5,-2,0,0,-1,0,-6,0,0,0,0,17]} 1. d4 d5 2. c4 c6 3. Nf3 Nf6 4. Nc3 dxc4 5. a4 e6 6. e3 c5 7. Bxc4 cxd4 $146 ({Predecessor:} 7... Nc6 8. O-O Be7 9. Qe2 cxd4 {½-½ (55) Gupta,A (2640)-Van Foreest,J (2466) Douglas 2014}) 8. exd4 Nc6 9. O-O {The position is equal.} Be7 {D16: Slav Defence: 5 a4: Lines with 5...Bg4 and 5...Na6} 10. Qe2 O-O 11. Rd1 Nb4 12. Bg5 h6 13. Bxf6 Bxf6 14. Ne5 Qc7 15. Bb3 b6 16. Rac1 {[#] Threatens to win with Nd5.} Qe7 17. Ne4 Bb7 18. Rc3 Bxe5 19. dxe5 Bxe4 20. Qxe4 Rad8 21. Rcc1 Rxd1+ 22. Rxd1 Rc8 23. g3 Qc5 24. Rd4 {[#] Hoping for Rc4.} a5 {Accuracy: White = 76%, Black = 89%.} 1/2-1/2

[Event "FRA-chT Top 12 2019"]
[Site "Brest"]
[Date "2019.05.19"]
[Round "2.3"]
[White "Gozzoli, Yannick"]
[Black "Velten, Paul"]
[Result "1/2-1/2"]
[WhiteElo "2622"]
[BlackElo "2507"]
[Annotator "TA"]
[PlyCount "59"]
[EventDate "2019.05.18"]
[EventType "team-tourn"]
[EventCountry "FRA"]
[SourceTitle "playchess.com"]
[Source "ChessBase"]
[SourceQuality "1"]

{[%evp 10,59,11,0,2,8,27,14,20,12,18,14,17,10,27,27,16,23,36,12,19,0,9,12,9,12,8,6,5,5,3,0,7,13,8,0,0,0,0,0,0,0,0,0,0,0,0,0,0,0,0,0]} 1. Nf3 d5 2. c4 e6 3. e3 Nf6 4. b3 Be7 5. Bb2 O-O 6. Nc3 dxc4 {A13: English Opening: 1...e6} 7. Bxc4 (7. bxc4 b6 8. d4 Bb7 9. Bd3 c5 10. d5 exd5 11. cxd5 b5 12. Bxb5 Nxd5 13. O-O Nf6 14. Qc2 {1-0 (102) Giri,A (2797)-Yu,Y (2751) Shenzhen 2019}) 7... b6 8. O-O Bb7 9. Qe2 c5 10. d4 cxd4 $146 ({Predecessor:} 10... Nc6 11. Rfd1 Qb8 12. d5 exd5 13. Nxd5 Nxd5 14. Bxd5 Qc7 15. e4 Rad8 16. Bc3 Qf4 17. Qb2 Qh6 18. a3 a5 19. h3 {½-½ (19) Pacl,V (2028)-Lacrosse,M (2182) Prague 2019}) 11. Rfd1 Nc6 12. Nb5 Qb8 13. Nbxd4 Nxd4 14. Bxd4 Rd8 {The position is equal.} 15. Rac1 Ba3 16. Bxf6 gxf6 17. Rxd8+ Qxd8 18. Rd1 Qe7 19. Ba6 Be4 20. Bd3 Bg6 21. Nd4 Bc5 22. Qf3 Rc8 $1 23. h4 Bxd4 24. exd4 Rc3 25. h5 Rxd3 26. Rxd3 Bxd3 27. Qxd3 Qd6 28. Qe4 h6 29. a4 Kg7 30. g3 {Accuracy: White = 86%, Black = 58%.} 1/2-1/2

[Event "FRA-chT Top 12 2019"]
[Site "Brest"]
[Date "2019.05.19"]
[Round "2.3"]
[White "Wagner, Dennis"]
[Black "Bailet, Pierre"]
[Result "1/2-1/2"]
[WhiteElo "2578"]
[BlackElo "2466"]
[Annotator "RC"]
[PlyCount "96"]
[EventDate "2019.05.18"]
[EventType "team-tourn"]
[EventCountry "FRA"]
[SourceTitle "playchess.com"]
[Source "ChessBase"]
[SourceQuality "1"]
[TimeControl "40/5400+30:1800+30"]

1. Nf3 {[%emt 0:00:00]} d5 {[%emt 0:00:10]} 2. e3 {[%emt 0:00:07]} Nf6 {[%emt 0:01:01]} 3. c4 {[%emt 0:00:05]} e6 {[%emt 0:00:55]} 4. Nc3 {[%emt 0:00:06]} Be7 {[%emt 0:01:17]} 5. b3 {[%emt 0:00:14]} O-O {[%emt 0:03:27]} 6. Bb2 {[%emt 0:00:32]} c5 {[%emt 0:02:18]} 7. cxd5 {[%emt 0:00:14]} exd5 {[%emt 0:00:56]} 8. d4 {[%emt 0:01:10]} Nc6 {[%emt 0:01:21]} 9. Be2 {[%emt 0:01:55]} Bg4 {[%emt 0:09:50]} 10. dxc5 {[%emt 0:00:09]} Bxc5 {[%emt 0:01:01]} 11. O-O {[%emt 0:00:07]} Rc8 {[%emt 0:05:09]} 12. Rc1 {[%emt 0:07:55]} Bd6 {[%emt 0:07:46]} 13. Nd4 {[%emt 0:16:10]} Bxe2 {[%emt 0:06:04]} 14. Ncxe2 {[%emt 0:00:02]} Re8 {[%emt 0:01:26]} 15. Qd3 {[%emt 0:10:38]} Be5 {[%emt 0:15:09]} 16. Nxc6 {[%emt 0:02:04]} bxc6 {[%emt 0:00:13]} 17. Bxe5 {[%emt 0:00:08]} Rxe5 {[%emt 0:00:05]} 18. Rc2 {[%emt 0:02:14]} c5 {[%emt 0:05:37]} 19. Rfc1 {[%emt 0:05:00]} Qa5 {[%emt 0:00:40]} 20. Qc3 {[%emt 0:19:16]} Qxc3 {[%emt 0:01:01]} 21. Rxc3 {[%emt 0:00:02]} Ne4 {[%emt 0:00:11]} 22. Rd3 {[%emt 0:03:31]} Nf6 {[%emt 0:12:13]} 23. f3 {[%emt 0:01:31]} g5 {[%emt 0:01:03]} 24. Kf2 {[%emt 0:00:23]} a5 {[%emt 0:05:50]} 25. g4 {[%emt 0:09:42]} h5 {[%emt 0:08:54]} 26. gxh5 {[%emt 0:06:10]} g4 {[%emt 0:03:11]} 27. fxg4 {[%emt 0:05:50]} Nxg4+ {[%emt 0:00:09]} 28. Kf3 {[%emt 0:00:03]} Nf6 {[%emt 0:00:39]} 29. Nf4 {[%emt 0:00:58]} Kh7 {[%emt 0:01:51]} 30. h4 {[%emt 0:03:28]} Kh6 {[%emt 0:02:25]} 31. Rg1 {[%emt 0:00:02]} c4 {[%emt 0:01:40]} 32. bxc4 {[%emt 0:00:27]} Rxc4 {[%emt 0:00:02]} 33. Rb3 {[%emt 0:02:22]} d4 {[%emt 0:00:59]} 34. exd4 {[%emt 0:02:23]} Rxd4 {[%emt 0:00:08]} 35. Rg5 {[%emt 0:01:23]} Re1 {[%emt 0:01:41]} 36. Ng2 {[%emt 0:00:38]} Re6 {[%emt 0:00:48]} 37. Rxa5 {[%emt 0:00:38]} Nxh5 {[%emt 0:00:24]} 38. Rxh5+ {[%emt 0:00:47]} Kxh5 {[%emt 0:00:04]} 39. Nf4+ {[%emt 0:00:02]} Kxh4 {[%emt 0:00:57]} 40. Nxe6 {[%emt 0:00:02]} fxe6 {[%emt 0:00:08]} 41. Re3 {[%emt 0:30:42]} Kg5 {[%emt 0:30:12]} 42. Rxe6 {[%emt 0:00:19]} Ra4 {[%emt 0:00:52]} 43. Re2 {[%emt 0:00:05]} Kf5 {[%emt 0:00:06]} 44. Kf2 {[%emt 0:00:18]} Rf4+ {[%emt 0:00:19]} 45. Ke1 {[%emt 0:00:04]} Re4 {[%emt 0:00:06]} 46. Rxe4 {[%emt 0:00:04]} Kxe4 {[%emt 0:00:04]} 47. Kd2 {[%emt 0:00:05]} Kd4 {[%emt 0:00:04]} 48. Kc2 {[%emt 0:00:06]} Kd5 1/2-1/2

[Event "FRA-chT Top 12 2019"]
[Site "Brest"]
[Date "2019.05.19"]
[Round "2.3"]
[White "Santos Ruiz, Miguel"]
[Black "Praggnanandhaa R"]
[Result "1/2-1/2"]
[WhiteElo "2549"]
[BlackElo "2536"]
[Annotator "TA"]
[PlyCount "42"]
[EventDate "2019.05.18"]
[EventType "team-tourn"]
[EventCountry "FRA"]
[SourceTitle "playchess.com"]
[Source "ChessBase"]
[SourceQuality "1"]

{[%evp 11,42,38,43,27,41,37,33,31,35,28,33,33,34,30,41,43,26,11,20,0,15,14,18,0,0,0,0,14,17,0,0,0,17]} 1. c4 Nf6 2. Nc3 e6 3. d4 Bb4 4. Qc2 c5 5. dxc5 Bxc5 6. Nf3 Qc7 7. e3 {E38: Nimzo-Indian: Classical: 4...c5} a6 8. Be2 b6 9. O-O {White is slightly better.} Bb7 10. b3 Be7 11. Bb2 d6 12. Rfd1 Nbd7 13. Rac1 O-O 14. Qd2 $146 ({Predecessor:} 14. Nd4 Rac8 15. Bf3 {½-½ (15) Vera Gonzalez Quevedo,R (2489)-Bachmann,A (2566) Luque 2012}) 14... Rac8 {The position is equal.} 15. Qd4 Rfd8 16. Qf4 Qb8 17. h3 h6 18. Qg3 Nh5 19. Qh2 Nhf6 20. Qg3 Nh5 21. Qh2 Nhf6 {Accuracy: White = 63%, Black = 76%.} 1/2-1/2

[Event "FRA-chT Top 12 2019"]
[Site "Brest"]
[Date "2019.05.19"]
[Round "2.3"]
[White "Kosten, Anthony C."]
[Black "Hamdouchi, Hicham"]
[Result "1/2-1/2"]
[WhiteElo "2419"]
[BlackElo "2584"]
[Annotator "TA"]
[PlyCount "87"]
[EventDate "2019.05.18"]
[EventType "team-tourn"]
[EventCountry "FRA"]
[SourceTitle "playchess.com"]
[Source "ChessBase"]
[SourceQuality "1"]

{[%evp 17,87,0,0,-18,17,0,17,0,0,0,0,0,0,0,0,0,2,0,13,9,56,14,0,-1,45,46,53,14,18,18,15,-35,-34,-23,-34,-50,-52,-47,-22,-59,-31,-33,0,0,0,-5,7,8,8,3,4,-35,66,-25,113,14,14,14,14,0,0,0,14,14,14,14,14,14,14,14,14,14]} 1. Nf3 g6 2. e4 c5 3. d4 cxd4 4. Nxd4 Nf6 5. Nc3 d6 6. Be2 Bg7 7. O-O O-O 8. Re1 Nc6 9. Nb3 a6 10. a4 {B70: Sicilian Dragon: 6 g3 and 6 Be2 (without a later Be3)} (10. Bf1 b5 11. a4 b4 12. Nd5 Nd7 13. a5 Rb8 14. Ra2 e6 15. Ne3 Nf6 16. Nc4 d5 17. exd5 Nxd5 18. Ne3 Nce7 19. Nxd5 Nxd5 {½-½ (66) Kramnik,V (2810)-Mamedov,R (2684) Novi Sad 2016}) 10... b6 11. Bf1 Bb7 12. Nd5 Nd7 13. c3 e6 14. Ne3 Nf6 15. Ng4 $146 ({Predecessor:} 15. Nc4 Nxe4 16. Rxe4 d5 17. Re1 dxc4 18. Bxc4 {0-1 (36) Gadjily,R (2443)-Bagaturov,G (2532) Batumi 1999}) 15... Nxg4 16. Qxg4 Qc7 17. Qh4 Rad8 18. Bg5 f6 19. Bh6 Bxh6 20. Qxh6 Ne5 21. Nd4 Rde8 22. f4 Nf7 23. Qh3 Bc8 24. Bxa6 (24. f5 {with more complications.} e5 25. Ne6 Bxe6 26. fxe6 Ng5 27. Qd3) 24... Bxa6 25. Nxe6 {[%mdl 64] [#] Double Attack} Qc8 26. Nxf8 {Hoping for Nd7.} Qxh3 $1 27. gxh3 {Nd7 is the strong threat.} Kxf8 28. b4 g5 $1 {[%mdl 1024] Black has compensation.} 29. a5 b5 30. c4 bxc4 31. Reb1 $1 {[#] aiming for b5.} Rb8 ({Not} 31... Rxe4 $2 32. b5 $18) 32. b5 $1 {[%cal Rb5a6]} Rxb5 33. Rxb5 Bxb5 34. a6 {Strongly threatening a7.} (34. Rb1 $5 {[%cal Rb1b5]} Bc6 35. Rb4 $11) 34... Bc6 (34... gxf4 $15 35. a7 Bc6) 35. a7 (35. Rc1 $1 $14 gxf4 36. Rxc4) 35... Bxe4 (35... gxf4 $11 {remains equal.} 36. a8=Q+ Bxa8 37. Rxa8+ Ke7) 36. a8=Q+ (36. Rc1 $16) 36... Bxa8 $11 {The position is equal.} 37. Rxa8+ {[%mdl 4096] Endgame KR-KN} Kg7 38. Rc8 d5 39. fxg5 Nxg5 40. Rc5 Nxh3+ 41. Kg2 Nf4+ 42. Kf3 Nd3 43. Rxd5 Kg6 44. Ke4 {Accuracy: White = 45%, Black = 58%.} 1/2-1/2

[Event "FRA-chT Top 12 2019"]
[Site "Brest"]
[Date "2019.05.19"]
[Round "2.3"]
[White "Charmeteau, Sven"]
[Black "Ragger, Markus"]
[Result "0-1"]
[WhiteElo "2292"]
[BlackElo "2682"]
[Annotator "TA"]
[PlyCount "118"]
[EventDate "2019.05.18"]
[EventType "team-tourn"]
[EventCountry "FRA"]
[SourceTitle "playchess.com"]
[Source "ChessBase"]
[SourceQuality "1"]

{[%evp 16,142,18,18,20,14,48,33,33,49,49,41,45,49,50,58,46,45,40,45,40,50,51,43,42,23,23,23,23,25,27,11,17,0,0,0,0,0,0,0,34,35,34,28,33,33,51,11,11,11,11,11,12,-9,-10,-67,-72,-64,-33,-32,-35,-34,-43,-42,-37,-28,-18,-43,-41,-31,-37,-91,-108,-96,-105,-99,-97,-96,-71,-69,-18,-17,0,-18,0,0,0,0,0,0,0,0,0,-222,-227,-229,-195,-204,-156,-367,-63,-956,-928,-1083,-1010,-1202,-838,-1188,-916,-896,-920,-1752,-1614,-2231,-2145,-2136,-1845,-2243,-2366,-29983,-29984,-29980,-1356,-29969,-29970,-29977,-29969,-29994,-29995]} 1. e4 e6 2. d4 d5 3. Nc3 Nf6 4. e5 Nfd7 5. f4 c5 6. Nf3 Nc6 7. Be3 Be7 8. Qd2 O-O 9. dxc5 Qa5 {C11: French: Classical System: 4 e5 and 4 Bg5 dxe4} (9... Nxc5 10. O-O-O a6 11. h4 b5 12. Bd3 b4 13. Bxc5 Bxc5 14. Na4 Ba7 15. Qe2 f5 16. g4 Ne7 17. Ng5 {0-1 (45) Caruana,F (2828)-Nyzhnyk,I (2638) chess.com INT 2019}) 10. O-O-O b6 11. Bb5 Nb4 {White is slightly better.} 12. a3 bxc5 13. Kb1 ({Inferior is} 13. axb4 cxb4 14. Na4 Qxb5 $17) 13... Rb8 14. axb4 cxb4 15. Nxd5 $1 exd5 16. Bxd7 Bxd7 17. Qxd5 Qxd5 18. Rxd5 Bc6 $146 19. Ra5 Rfc8 20. Nd2 Bxg2 21. Rg1 Bh3 22. b3 Rc6 23. Rxa7 Bf8 24. Ra5 Rbc8 25. Nc4 Be6 26. Nd6 Bxd6 27. exd6 Rxd6 28. f5 Bd7 29. Bf4 Rb6 30. Rd5 Be8 31. Be5 f6 32. Rd6 Rcc6 33. Rd8 Kf7 34. Bd4 Rb7 $1 35. Re1 (35. Ra8 $11) 35... Bd7 $15 36. Rf1 Rc8 37. Rxc8 Bxc8 {[%mdl 4096] Endgame KRB-KRB} 38. Bc5 Rb5 39. Bd6 Bxf5 40. Rf4 g5 41. Rd4 Bg6 42. Bxb4 f5 43. Bd2 (43. h4 $15) 43... f4 $17 {White must now prevent ...f3.} 44. Kc1 Re5 {...f3 is the strong threat.} 45. Bc3 {With the idea Rxf4+!} Re3 46. Kb2 f3 47. Rd2 g4 (47... Ke6 $15) 48. Bd4 $11 Re6 (48... Re4 {with more complications.} 49. c4 h5 50. Bf2 Kf6 51. c5 Kg5) 49. c4 Be4 50. Kc3 Kg6 51. b4 h5 52. Bf2 Kg5 53. Rd8 {Threatening b5.} Ra6 54. Kb2 $2 (54. Kd4 $11 {and White is okay.} Bf5 55. b5) 54... Ra8 $1 $19 {[%cal Ra8d8]} 55. Rd4 Re8 $1 56. b5 h4 $1 {Threatens to win with ...Bf5.} 57. Rd2 $2 {[#]} (57. Kc3 $17 {was called for.}) 57... Rh8 $2 (57... g3 $1 $19 {[%mdl 512]} 58. hxg3 h3) 58. Bd4 $2 {[%mdl 8192]} (58. Kc3 $15) 58... g3 59. c5 Rf8 {Played: Rh8-b8} 0-1

[Event "FRA-chT Top 12 2019"]
[Site "Brest"]
[Date "2019.05.19"]
[Round "2.4"]
[White "Fressinet, Laurent"]
[Black "Vallin, Guillaume"]
[Result "1/2-1/2"]
[WhiteElo "2640"]
[BlackElo "2389"]
[Annotator "TA"]
[PlyCount "170"]
[EventDate "2019.05.18"]
[EventType "team-tourn"]
[EventCountry "FRA"]
[SourceTitle "playchess.com"]
[Source "ChessBase"]
[SourceQuality "1"]

{[%evp 9,170,0,19,3,35,29,39,45,39,23,67,17,46,23,29,24,26,11,7,7,25,29,29,39,44,20,28,28,28,30,29,20,14,16,58,47,60,35,45,0,0,-29,-16,-39,-34,-39,-32,-82,-62,-86,30,0,84,72,85,55,89,79,92,92,94,79,70,33,185,182,218,223,206,212,225,158,136,67,139,139,190,182,198,177,218,217,216,218,242,242,251,255,251,251,251,251,254,241,250,237,223,204,200,0,212,147,161,147,200,96,174,153,240,240,240,240,279,250,276,260,263,255,382,344,336,202,202,202,202,202,202,202,631,608,668,652,656,644,644,623,633,509,600,599,581,7,8,7,75,0,8,0,337,8,8,8,8,0,0,0,0,0,0,0,0,0,0]} 1. d4 e6 ({Predecessor:} 1... d5 2. Nf3 c6 3. c4 Nf6 4. Qb3 Ne4 5. Nc3 e6 6. g3 Be7 7. Bg2 O-O 8. O-O f5 {1-0 (23) Vertetics,A (2345)-Gal,L (2115) Hungary 2010}) 2. c4 Nf6 3. Nc3 Bb4 4. g3 d5 5. Bg2 c6 $146 (5... O-O 6. a3 Bxc3+ 7. bxc3 dxc4 8. Qa4 Bd7 9. Qxc4 Bc6 10. f3 Qd7 11. Rb1 Bd5 12. Qd3 Qc6 13. Nh3 Nbd7 {½-½ (26) Ponomariov,R (2663)-Kravtsiv,M (2644) Kiev 2018}) 6. Nf3 {E20: Nimzo-Indian: 4 g3 and 4 f3} Ne4 7. Qc2 f5 8. O-O {White is slightly better.} O-O 9. Ne5 {[%cal Rc3e4]} Be7 10. Qb3 Qb6 11. c5 (11. Be3 {is interesting.} Nd7 12. Nd3 Ndf6 13. c5 Qa5 14. f3) 11... Qxb3 12. axb3 Nd7 {[%cal Bb8d7,Bd7f8,Bf8e6][%mdl 32]} 13. Nd3 e5 14. e3 Bf6 15. Ne2 $1 exd4 16. exd4 Re8 17. Re1 Nf8 18. b4 Ne6 19. Be3 Nc7 20. h4 Nb5 21. Bf1 Bd7 22. Kg2 Rad8 23. Red1 a6 24. Ndc1 h6 25. Nf4 g5 26. hxg5 hxg5 27. Nh5 Bh8 $1 28. Be2 Kf7 $1 29. Nb3 g4 (29... Re7 $17 30. Rh1 Rg8) 30. Rh1 Bf6 (30... Nc7 $11 {keeps the balance.}) 31. Nxf6 Nxf6 32. Bd3 Rh8 33. Bf4 Ne4 34. Be5 Rh3 35. Raf1 Ng5 36. Nd2 Kg6 $2 (36... Ne4 $14 37. Nb3 Ng5) 37. f3 $36 {[%mdl 2048] Strongly threatening fxg4. White is in control.} gxf3+ 38. Nxf3 Rxh1 39. Rxh1 Ne4 40. Be2 Rg8 41. Bf4 ({White should try} 41. Nh4+ $16 Kf7 42. Bh5+ Ke7 43. Bg6) 41... Kf6 (41... Bc8 $14) 42. Rh7 $1 $16 {[%cal Rh7d7]} Be8 (42... Ke6 $16 {keeps fighting.}) 43. Kh2 $18 ({Don't do} 43. Rxb7 $6 Nxg3 44. Bxg3 (44. Be5+ Ke6 $16) 44... f4 $16) 43... Bf7 44. Be5+ Kg6 45. Rh4 $1 Nf2 46. Ne1 {White threatens Bh5+ and mate.} Kg5 47. Rf4 Ne4 48. Nf3+ Kh6 49. Rxf5 Be6 {[#]} 50. Rf4 $1 Rg4 51. Rf8 Rg8 52. Rxg8 Bxg8 53. Bf4+ Kg7 54. Be5+ Kh6 $1 55. Ne1 Be6 56. Kg2 Kh7 (56... Kg5 $16 57. Bf4+ Kg6) 57. Nc2 (57. Kf3 $18 {and White stays clearly on top.}) 57... Ng5 (57... Nd2 $16 {might work better.}) 58. Bd3+ Kg8 (58... Kh6 $16 59. Kf2 Bg4) 59. Ne3 Kf7 60. g4 Na7 61. Nf5 Nc8 62. Kg3 Ne4+ 63. Kf4 Bxf5 (63... Bd7 $142 64. Bb1 (64. Bxe4 dxe4 65. Bd6 Na7 $16) 64... Be6) 64. gxf5 {[%mdl 4096] Endgame KBB-KNN} ({Not} 64. Kxf5 Ne7+ 65. Kf4 Nf2 $16) 64... Nf6 65. Be2 Ne7 66. Bf3 Neg8 67. Bd6 Nh6 68. Bc7 Ke7 $2 (68... Nhg8 69. Be5 Ke7) 69. Kg5 Nf7+ 70. Kg6 {aiming for Bd6+!} Nh8+ {[#]} 71. Kg7 $1 {Threatening mate with Bd6+.} Ne8+ 72. Kxh8 Nxc7 {KB-KN} 73. Kg7 Ne8+ 74. Kg6 Nf6 75. Kg5 $2 (75. Bd1 $18 {Be2 is the strong threat.} Ne4 76. Be2) 75... Kf7 $1 $11 76. Kf4 Ke7 (76... Nd7 $11) 77. Kg5 (77. Bg4 $16) 77... Kf7 $1 78. Bh5+ Ke7 $2 {[%mdl 8192]} (78... Kg7 $1 $11 {and Black stays safe.}) 79. Bg6 $2 ({Better is} 79. Kg6 $18) 79... Ne4+ {The position is equal.} 80. Kg4 Kf6 81. Kf3 Nd2+ 82. Ke2 Ne4 83. Kd3 Ng3 84. Be8 {Threatens to win with Bd7.} Ke7 85. Bg6 Kf6 {Accuracy: White = 49%, Black = 50%.} 1/2-1/2